| 000 | 00590nam a2200217Ia 4500 | ||
|---|---|---|---|
| 003 | OSt | ||
| 005 | 20260623123129.0 | ||
| 008 | 210210b1998 xxu||||| |||| 00| 0 eng d | ||
| 020 | _a81 86662 02 2 | ||
| 040 | _cAL | ||
| 041 | _aKonkani | ||
| 082 | _a891.46308 RAKK | ||
| 100 |
_aRAKNO. _dರಾಕ್ಣೊ _9265934 |
||
| 245 |
_aKonkni kata pelo. _bಕೊಂಕ್ಣಿ ಕಥಾ ಪೆಳೋ |
||
| 260 |
_aManglur _bRakno Prakashan. _c1998 |
||
| 300 | _a124 | ||
| 650 |
_aKonkani short stories _9265935 |
||
| 690 |
_aKonkani Fiction _9265936 |
||
| 906 | _a059641 | ||
| 942 |
_2ddc _cBK |
||
| 999 |
_c106831 _d106831 |
||